00702cam a22002173a 45000010005000000030006000050050017000110080041000280400015000690420007000840500007000911000030000982450094001282600029002225000059002515060030003105160020003406530055003608300028004158560041004434938PGUSA20140828083111.0040101s2004||||xxu|||||s|||||000 | eng d aPGUSAbeng adc 4aJK1 aUnited States. Presidents10aU.S. Presidential Inaugural Addressesh[electronic resource] /cUnited States. Presidents bProject Gutenberg,c2004 ainagu10m.zip file has each address in a seperate file. aPublic domain in the USA. aElectronic text aPresidents -- United States -- Inaugural addresses 0aProject Gutenbergv493840uhttp://www.gutenberg.org/ebooks/4938